00896nam a22002777a 45000010005000000030006000050050017000110080041000280200018000690400029000870500014001160820015001301000023001452450054001682500046002222600036002683000050003044900037003545050008003915200084003995210021004835210022005046000034005266500024005607000034005843227FISKH20251023092229.0240220b cb ||||| |||| 00| 0 eng d a9780516244860 aFISKHbengcFISKHdFISKH aJC346.D68 a323.650973 aDouglas, Lloyd G.  aThe pledge of allegiance /cby Douglas, Lloyd G.  aFirst Scholastic printing, September 2003 aNew York : bScholastic, c2003 a24 pages : bcolor illustrations ; c16 cm .  a Welcome Books: American Symbols aR  aIntroduces the Pledge of Allegiance as an American symbol in easy-to-read text.8 a720 bLexile 8 aR bRaz-Plus  2American Symbolsvnon-fiction aflags vnon-fiction aLogan, Christopher edesigner